000 00471nam a2200193Ia 4500
003 OSt
005 20251106173632.0
008 210423s2006 xx 000 0 und d
040 _cAL
041 _aMalayalam
082 _a362.19
_bCHUS
100 _aJoan Chunkapura
_9120328
245 _aSex education and aids
260 _aKottayam
_bTRADA
_c2006
300 _b111p.
_aPB
_c21x14cm.
365 _b70
_cINR
906 _aaids. ; education ; Sex
942 _2ddc
_cBK
999 _c175918
_d175918